Estructura financiera de las Federaciones Deportivas Espaǫlas

Bibliographic Details
Main Author: Terol Gm̤ez, Ramn̤
Other Authors: Palomar Olmeda, Alberto
Format: eBook
Language:Spanish
Published: Madrid: Dykinson, 2018
Subjects:
Online Access:Acceso restringido

MARC

LEADER 00000nam a22000007a 4500
005 20181102222426.0
007 cr|||| ||||
008 181102s2018 es |||||s|||| 00||0 spa d
020 |a 978-84-9148-689-3 
035 |a 21988 
040 |a vLex 
090 |c 8277  |d 8277 
100 1 |a Terol Gm̤ez, Ramn̤ 
245 1 0 |a Estructura financiera de las Federaciones Deportivas Espaǫlas  |h [Recurso electrn̤ico] /  |c Ramn̤ Terol Gm̤ez, Alberto Palomar Olmeda 
256 |a Servicio en ln̕ea 
260 |a Madrid:  |b Dykinson,  |c 2018 
300 |a 1 recurso electrn̤ico 
500 |a El presente estudio se ubica en el marco de una reflexin̤ ms̀ general sobre el modelo federativo. Esta reflexin̤ ha sido objeto de otros estudios y el que ahora se presenta trata de adverar muchas de aquellas conclusiones sobre la base empr̕ica de los datos financieros y de la estructura de financiacin̤ de las federaciones deportivas. En el trabajo se ha procurado acopiar los datos pb︢licos suficientes en relacin̤ con el modelo. Desde los ms̀ genřicos sobre financiacin̤ de las Administraciones Pb︢licas hasta los ms̀ especf̕icos de la estructura financiera de las federaciones deportivas espaǫlas y el equilibrio esencial entre los ingresos presupuestarios y los ingresos propios y la propia estructura de la deuda y dems̀ elementos que componen el ciclo financiero de las mismas. 
506 1 |a Disponible solo en los productos indicados  |d vLex Global  |d vLex Global (Academic Edition, excluding Law Schools)  |d vLex Global (U.S. Academic Edition, Law Schools)  |d vLex Global (U.S. Academic Edition, excluding Law Schools)  |d vLex Global (Academic Edition, Law Schools) 
650 0 4 |a Deportes  |z Espaą 
700 1 |a Palomar Olmeda, Alberto 
740 0 |a vLex Libros (Servicio en ln̕ea) 
856 4 0 |u http://vlex.com/source/estructura-financiera-de-las-federaciones-deportivas-espa-olas-21988  |z Acceso restringido 
942 |c BOOK 
999 0 |a Sports